| 000 | 00732nam a2200229Ia 4500 | ||
|---|---|---|---|
| 005 | 20230629143714.0 | ||
| 008 | 131103s9999 xx 000 0 und d | ||
| 020 | _a0582489970 (pbk) | ||
| 040 | _aLoreto College | ||
| 041 | _aEnglish | ||
| 082 |
_a943.086 _bBRO |
||
| 100 | _aBroszat,Martin | ||
| 245 | 4 |
_aThe Hitler state _b the foundation and development of the internal structure of the third reich _cMartin Broszat; translated by John W.Hiden |
|
| 260 |
_aLondon _bLongman _c1981 |
||
| 300 | _axviii,377 p. | ||
| 504 | _aIncludes bibliographical references and index | ||
| 650 | _aHitler,Adolf,1889 - 1945 | ||
| 651 | _aGermany - History,1933 - 1945 | ||
| 700 | _aHiden,John W.,tr. | ||
| 850 | _aLCLIB | ||
| 942 | _cBK | ||
| 999 |
_c8288 _d58767 |
||